[Event "3rd GRENKE Chess Open 2018"]
[Site "Karlsruhe"]
[Date "2018.03.29"]
[Round "1"]
[White "Kunin, Vitaly"]
[Black "Horn, Sven"]
[Result "1-0"]
[WhiteElo "2575"]
[BlackElo "2137"]
[Annotator "TA"]
[PlyCount "119"]
[EventDate "2018.??.??"]
[EventType "swiss"]
[EventCountry "GER"]
[SourceTitle "playchess.com"]
[Source "ChessBase"]
[SourceQuality "1"]

{[%evp 14,119,11,-2,30,29,27,28,26,22,44,27,42,34,79,81,120,128,114,113,130,127,134,135,131,131,145,144,153,152,147,145,153,153,153,153,153,153,144,146,152,148,171,178,195,168,232,224,215,209,241,251,239,229,270,270,270,270,270,259,268,264,346,297,320,297,464,464,464,464,464,457,385,368,457,457,428,390,444,407,4240,3479,1407,469,29947,12814,12202,12783,6717,6733,6629,4409,2389,455,29963,29967,29967,29967,29968,29969,29972,29964,7754,5619,6158,5704,6070,6024]} 1. d4 d5 2. c4 c6 3. e3 Nf6 4. Nf3 Bg4 5. h3 Bh5 6. Nc3 e6 7. Qb3 {D11: Slav Defence: 3 Nf3 sidelines and 3...Nf6 4 e3 Bg4} Qc7 8. Nh4 {LiveBook: 19 Games} Bg6 $146 ({Predecessor:} 8... Nbd7 9. g4 Bg6 10. Nxg6 hxg6 11. Bg2 g5 12. cxd5 Nxd5 13. Nxd5 exd5 14. e4 Be7 15. exd5 {1-0 (45) Matlakov,M (2695)-Andriasian,Z (2612) Jerusalem 2015}) 9. Nxg6 {White has an edge.} hxg6 10. Bd2 Nbd7 11. Rc1 Qb6 12. Qc2 dxc4 13. Bxc4 Nd5 14. O-O Qd8 15. Bxd5 exd5 16. e4 dxe4 17. d5 ({Don't play} 17. Qxe4+ $6 Be7 $14) 17... Be7 18. dxc6 ({Resist} 18. Qxe4 $6 Nf6 $14) 18... bxc6 19. Nxe4 Rc8 20. Bf4 {Threatens to win with Nd6+.} Nb6 {[#]} 21. Rfd1 $1 {[%cal Rd1d8]} Nd5 22. Nc3 {Strongly threatening Nxd5.} O-O 23. Nxd5 cxd5 24. Qxc8 Qxc8 25. Rxc8 Rxc8 26. Rxd5 $16 {[%mdl 4096] Endgame KRB-KRB} Bf6 27. b3 {[%cal Bb2b3,Bb3b4][%mdl 32]} Rc6 28. Kf1 Kf8 29. Be3 a6 (29... Ke8 {was worth a try.} 30. Bc5 Re6) 30. Bc5+ $18 Ke8 31. Ke2 Be7 32. b4 Re6+ 33. Kd3 Re1 34. Bxe7 Kxe7 {KR-KR} 35. Ra5 Re6 36. a4 Kd7 37. b5 Rd6+ 38. Kc3 axb5 39. Ra7+ ({Less strong is} 39. Rxb5 Kc6 $16) 39... Kc6 (39... Kc8 $142 40. axb5 Rd7 41. Rxd7 Kxd7) 40. axb5+ Kc5 41. Rxf7 Kxb5 42. Rxg7 Kc5 43. Ra7 Rf6 44. Ra5+ Kb6 45. Ra2 Kc7 46. Kd3 Kd7 (46... Re6 $142 47. Kd4 Kd8) 47. Ra7+ Ke8 48. Ke3 (48. Ke2 $142 Rf5 49. f3) 48... Kf8 (48... Rf5 $18 49. f3 Re5+ 50. Kf4 Rf5+ 51. Kg4 Rb5) 49. f4 Rb6 50. Kf3 Rb5 51. Kg4 Rf5 52. h4 Kg8 53. Re7 Kf8 (53... Rc5 $18 54. Re5 Rc2) 54. Re5 Rf6 55. h5 gxh5+ 56. Rxh5 Kg7 57. g3 Ra6 58. Re5 {White is clearly winning.} Kf6 59. Re4 Ra1 60. f5 {Precision: White = 90%, Black = 24%.} 1-0

[Event "3rd GRENKE Chess Open 2018"]
[Site "Karlsruhe"]
[Date "2018.03.29"]
[Round "1"]
[White "Heberla, Bartlomiej"]
[Black "Pappelis, Dimitrios"]
[Result "1-0"]
[WhiteElo "2570"]
[BlackElo "2136"]
[Annotator "TA"]
[PlyCount "91"]
[EventDate "2018.??.??"]
[EventType "swiss"]
[EventCountry "GER"]
[SourceTitle "playchess.com"]
[Source "ChessBase"]
[SourceQuality "1"]

{[%evp 12,91,0,-1,4,-8,31,15,23,23,42,36,41,44,46,46,52,45,106,103,107,58,63,35,29,34,40,38,38,38,31,38,114,72,79,79,74,77,77,75,78,64,89,85,111,111,111,111,111,110,111,111,143,138,137,136,144,147,155,137,137,130,174,165,172,168,220,172,237,211,301,286,282,189,369,358,539,547,1017,967,1007,1003]} 1. d4 d5 2. c4 e6 3. Nc3 Bb4 4. e3 Nf6 5. Bd2 O-O 6. Nf3 Nbd7 7. Qc2 {LiveBook: 3 Games. E51: Nimzo-Indian: Rubinstein: 4...0-0 5 Nf3 d5} Re8 (7... b6 8. Be2 Bb7 9. O-O Be7 10. Rfd1 c5 11. Be1 Rc8 12. cxd5 exd5 13. Qf5 {0-1 (41) Vakhidov,J (2583)-Laznicka,V (2651) Baku 2016}) 8. Rd1 c6 9. Be2 $146 {White is slightly better.} ({Predecessor:} 9. a3 Bd6 10. Be2 Qc7 11. h3 h6 12. O-O dxc4 13. Bxc4 e5 14. dxe5 Nxe5 15. Nxe5 Rxe5 {0-1 (42) Lehmann,C-Lorson,S Germany 1996}) 9... Qe7 10. O-O Bd6 11. Rfe1 e5 12. dxe5 Nxe5 13. cxd5 cxd5 14. Nb5 Bg4 (14... Bb8 $14) 15. Nxd6 $16 Qxd6 16. Bc3 Nxf3+ 17. Bxf3 Bxf3 18. gxf3 Qe6 19. Kg2 Rac8 20. Rd4 Rc6 21. Qd3 Nh5 ({Better is} 21... b6 $14) 22. Rh4 Qg6+ 23. Qxg6 hxg6 24. Rd1 Nf6 25. Rb4 b6 26. Ra4 a5 27. Ra3 Rc5 28. Rb3 Re6 29. Bd4 Rcc6 30. Rb5 Kf8 31. Rd3 Ke8 32. Rdb3 {[%cal Rd4b6]} Nd7 33. Rxd5 f6 34. f4 Kd8 35. Ra3 Red6 36. Rb5 Rc2 37. b4 axb4 38. Rxb4 Kc7 (38... Nc5 $142 39. Ra7 Nd7) 39. Ra7+ Kc6 (39... Kb8 $142 40. Rba4 Nc5) 40. a4 {[%cal Ba2a4,Ba4a5][%mdl 32]} Ra2 (40... Kd5 $142 41. a5 bxa5 42. Rxa5+ Ke6) 41. e4 $18 Re6 42. Rc4+ Kd6 $2 {[#]} (42... Nc5) 43. Be3 Nc5 (43... Re7 {keeps fighting.} 44. Rcc7 Rb2) 44. a5 {White is clearly winning.} Nxe4 45. axb6 Rb2 46. Rac7 {Precision: White = 81%, Black = 40%.} 1-0

[Event "3rd GRENKE Chess Open 2018"]
[Site "Karlsruhe"]
[Date "2018.03.29"]
[Round "1"]
[White "David, Alberto"]
[Black "Carow, Annelen"]
[Result "1-0"]
[WhiteElo "2566"]
[BlackElo "2135"]
[Annotator "TA"]
[PlyCount "71"]
[EventDate "2018.??.??"]
[EventType "swiss"]
[EventCountry "GER"]
[SourceTitle "playchess.com"]
[Source "ChessBase"]
[SourceQuality "1"]

{[%evp 12,71,0,0,11,0,10,0,12,3,34,35,27,44,52,14,18,21,35,32,29,25,14,15,23,17,70,31,97,20,73,61,254,237,250,172,246,266,316,286,379,391,360,235,232,201,210,56,215,247,196,220,240,254,234,220,564,279,220,120,29997,29998]} 1. e4 c5 2. Nf3 e6 3. d3 Nc6 4. g3 Nge7 5. Bg2 g6 6. O-O Bg7 7. c3 {[%cal Bc2c3,Bc3b4,Bb4b5][%mdl 32]} e5 {A04: Unusual lines after 1 Nf3 and King's Indian Attack} (7... O-O 8. Re1 e5 9. a3 d6 10. b4 Be6 11. b5 Nb8 12. c4 h6 13. Nc3 Nd7 14. Nd5 a6 15. Rb1 axb5 16. Rxb5 b6 17. Qb3 Ra6 18. Bd2 {½-½ (39) Carlsen,M (2832)-Grischuk,A (2750) chess.com INT 2017}) 8. a4 O-O 9. Na3 d6 {The position is equal.} 10. Rb1 h6 11. b4 cxb4 $146 ({Predecessor:} 11... b6 12. b5 Nb8 13. d4 Be6 14. h3 f6 15. Qe2 {1-0 (37) Britton,R (2219)-Willow,J (2146) Doncaster 2017}) 12. cxb4 Bg4 13. h3 Be6 14. b5 $36 {[%mdl 2048] White has good play.} Nd4 15. Nxd4 exd4 16. Re1 Qd7 17. Kh2 Rac8 18. Bd2 f5 (18... h5 $11) 19. f4 h5 (19... fxe4 $14 20. dxe4 Rc7) 20. Rb4 (20. b6 $16) 20... h4 (20... fxe4 $11 {keeps the balance.} 21. dxe4 Kh7) 21. gxh4 $16 {[%cal Bg3h4,Bh4h5][%mdl 32]} Kf7 $2 (21... fxe4 $14 22. dxe4 Rc5) 22. Nc2 $18 fxe4 {Strongly threatening ...e3.} 23. dxe4 Rc4 (23... d3 $142 24. Nd4 Bc4) 24. h5 Qc7 25. Rxc4 Bxc4 26. Na3 Ba2 27. Qe2 Qc5 28. Qd3 Qxh5 29. Bb4 $2 (29. Nc4 $18) 29... Rd8 $2 (29... Rc8 $1 $14) 30. Nc4 Qh4 31. Rf1 Bxc4 32. Qxc4+ Ke8 33. e5 dxe5 $2 (33... Bh6 {is tougher.}) 34. fxe5 (34. Bxb7 $142 {Qe6 is the strong threat.} Bh6 35. Qe6 (35. Bc6+ Kf8 $16) 35... Bxf4+ 36. Kh1) 34... Bxe5+ 35. Kh1 ({Better is} 35. Kg1 $18 {And now Qe6 would win.} Qg5 {[#]} 36. b6 $1 {[%mdl 512]}) 35... Qg3 $2 {[%mdl 8192] [#]} (35... Rd6 $16 36. Qf7+ Kd7) 36. Qf7+ {Precision: White = 44%, Black = 18%.} 1-0

[Event "3rd GRENKE Chess Open 2018"]
[Site "Karlsruhe"]
[Date "2018.03.29"]
[Round "1"]
[White "Demuth, Adrien"]
[Black "Simonetto, Andrea"]
[Result "1-0"]
[WhiteElo "2551"]
[BlackElo "2135"]
[Annotator "TA"]
[PlyCount "73"]
[EventDate "2018.??.??"]
[EventType "swiss"]
[EventCountry "GER"]
[SourceTitle "playchess.com"]
[Source "ChessBase"]
[SourceQuality "1"]

{[%evp 9,73,20,54,36,62,60,61,47,71,72,75,68,86,53,91,84,84,83,72,49,69,8,24,3,5,3,3,3,11,11,20,-6,89,79,72,69,114,123,214,99,117,89,112,91,182,172,174,191,181,166,242,230,222,204,281,283,262,262,431,431,428,425,935,935,901,873]} 1. Nf3 d5 2. g3 Nf6 3. Bg2 e6 4. O-O Nc6 5. d4 a6 {LiveBook: 3 Games} 6. b3 {D02: 1 d4 d5 2 Nf3 sidelines, including 2...Nf6 3 g3 and 2...Nf6 3 Bf4} Bd6 7. c4 O-O 8. Bb2 {White is slightly better.} Re8 9. Nbd2 Bf8 $146 ({Find the theoretical novelty and annotate with similar games:} 9... b6 10. Qc2 Bb7 11. a3 e5 12. e3 exd4 13. exd4 Bf8 14. Rad1 {1-0 (46) Salomon,J (2444)-Vea,O (2271) Gibraltar 2016}) 10. Qc2 Nb4 11. Qb1 a5 12. a3 Na6 13. e4 c5 14. e5 Nd7 {[%cal Bf6d7,Bd7b6,Bb6c4][%mdl 32]} 15. Re1 (15. dxc5 $14 Bxc5 16. Bc3) 15... a4 16. bxa4 Nb6 17. Qc2 Bd7 18. a5 Nxc4 19. Nxc4 dxc4 20. Rad1 Be7 (20... Bc6 $11 {keeps the balance.}) 21. Nd2 {[%cal Bf3d2,Bd2c4,Bc4d6][%mdl 32]} ({Don't play} 21. Qxc4 $6 Qxa5 22. Nd2 Bb5 $11) 21... c3 22. Qxc3 {d5 is the strong threat.} cxd4 23. Qxd4 Bc5 {[#]} (23... Nc5 $16 {was worth a try.}) 24. Qf4 (24. Qg4 $1 $18 {and the rest is easy.}) 24... Qxa5 $16 25. Nc4 Qb5 26. Ba1 Rac8 (26... Rf8 $16) 27. Nd6 $18 Bxd6 28. exd6 {Black must now prevent Rb1.} Rc4 29. Bf1 Rec8 (29... Rxf4 $142 30. Bxb5 Bxb5) 30. Bxc4 $40 {[%mdl 128] White wants a kill.} Rxc4 31. Rb1 Qd5 32. Qe5 Qxe5 33. Bxe5 Nc5 $2 {[#]} (33... b5 34. Rec1 Rxc1+ 35. Rxc1 f6) 34. Rec1 {White is clearly winning.} Rxc1+ 35. Rxc1 Nd3 (35... b6 $142 36. Bd4 Kf8 37. Bxc5 bxc5 38. Rxc5 Ke8) 36. Rc7 Nxe5 37. f4 {Precision: White = 63%, Black = 35%.} 1-0

[Event "3rd GRENKE Chess Open 2018"]
[Site "Karlsruhe"]
[Date "2018.03.29"]
[Round "1"]
[White "Antal, Gergely"]
[Black "Doll, Stefan"]
[Result "1-0"]
[WhiteElo "2540"]
[BlackElo "2133"]
[Annotator "TA"]
[PlyCount "53"]
[EventDate "2018.??.??"]
[EventType "swiss"]
[EventCountry "GER"]
[SourceTitle "playchess.com"]
[Source "ChessBase"]
[SourceQuality "1"]

{[%evp 14,53,7,14,50,45,45,38,42,63,49,39,75,87,81,70,77,68,98,89,94,90,189,176,182,165,216,220,220,218,246,119,233,225,210,239,632,642,1130,1128,1097,1116]} 1. e4 e5 2. Nc3 Nf6 3. g3 Bc5 4. Bg2 a6 5. Nge2 Nc6 6. d3 {[%cal Bd2d3,Bd3d4][%mdl 32]} d6 7. O-O Be6 8. Nd5 {LiveBook: 24 Games. C26: Vienna Game: 2...Nf6, sidelines} Nb8 (8... Nd4 9. Nxd4 Bxd4 10. c3 Ba7 11. d4 c6 12. Nxf6+ Qxf6 13. Be3 O-O 14. f4 exd4 15. cxd4 Rfe8 {½-½ (33) Bachmann,A (2593)-Ragger,M (2698) Berlin 2015}) 9. d4 Ba7 10. c3 $146 {White is slightly better.} ({Predecessor:} 10. h3 Nbd7 11. Kh2 c6 12. Ne3 exd4 13. Nxd4 Nc5 14. Ndf5 O-O 15. Nxd6 Qc7 16. e5 Rad8 17. exf6 Rxd6 18. Qh5 Re8 19. Qg5 {1-0 (19) Zlatanovic,B (2412)-Ozturk,H (1848) Skopje 2013}) 10... c6 11. Nxf6+ Qxf6 12. f4 {Hoping for fxe5.} Bg4 13. fxe5 Qxe5 14. Be3 Qe7 15. h3 Bh5 16. g4 Bg6 17. Ng3 $36 {[%mdl 2048] White is really pushing.} d5 (17... O-O $16) 18. Nf5 Bxf5 19. Rxf5 Nd7 {[#]} (19... dxe4 $142 20. Qb3 O-O) 20. Bg5 $1 $18 {[%cal Rg5e7]} f6 21. exd5 fxg5 22. dxc6 (22. Qf1 $18 {and White stays clearly on top. Black must now prevent Re1.} Qd6 23. Re1+ (23. dxc6 bxc6 24. Qc4 Rc8 $11) 23... Kd8 24. Re6) 22... bxc6 (22... O-O-O $16 {was necessary.}) 23. Bxc6 O-O-O {[#]} 24. Qf1 $1 {[%cal Rf1a6][%mdl 1024] White has strong compensation.} Qe3+ $2 (24... Nb8) 25. Kg2 {White is clearly winning.} Nb8 26. Re1 Qd2+ 27. Re2 {Precision: White = 74%, Black = 31%.} 1-0

[Event "3rd GRENKE Chess Open 2018"]
[Site "Karlsruhe"]
[Date "2018.03.29"]
[Round "1"]
[White "Kuljasevic, Davorin"]
[Black "Brem, Stephan"]
[Result "1-0"]
[WhiteElo "2538"]
[BlackElo "2129"]
[Annotator "TA"]
[PlyCount "63"]
[EventDate "2018.??.??"]
[EventType "swiss"]
[EventCountry "GER"]
[SourceTitle "playchess.com"]
[Source "ChessBase"]
[SourceQuality "1"]

{[%evp 9,63,30,62,66,125,117,148,128,147,150,139,132,132,132,134,130,130,129,131,128,128,124,202,202,279,287,290,267,421,396,393,379,368,373,402,399,456,133,570,570,558,544,641,633,753,520,515,516,515,515,507,492,485,472,530,518]} 1. d4 Nc6 2. Nf3 d5 3. g3 Bg4 4. Bg2 e6 5. O-O f5 (5... Bd6 6. c4 Nf6 7. Nc3 O-O 8. cxd5 Nxd5 9. e4 Nb6 10. h3 {½-½ (10) Banusz,T (2612)-Ivanisevic,I (2641) Sibenik 2016}) 6. c4 {D02: 1 d4 d5 2 Nf3 sidelines, including 2...Nf6 3 g3 and 2...Nf6 3 Bf4} Nf6 ({Black should play} 6... Bxf3 $14 7. Bxf3 Qd7) 7. Ne5 $146 ({Predecessor:} 7. Nc3 Be7 8. Ng5 Qd7 9. Nxe6 dxc4 10. d5 Nd8 11. Nxg7+ Kf7 12. Ne6 Nxe6 13. dxe6+ Qxe6 14. Bxb7 {½-½ (67) Vall de Vilaramo,J (2175)-Ibanez Tarradellas,E (2246) Spain 2004}) 7... Be7 8. Nc3 {White is clearly better.} O-O 9. Nxg4 fxg4 10. cxd5 exd5 11. Bg5 Kh8 12. Bxf6 Bxf6 13. e3 ({Reject} 13. Bxd5 $6 Nxd4 14. e3 Nf3+ 15. Bxf3 gxf3 $11) 13... Ne7 14. Qxg4 c6 15. b4 b5 (15... a6 $16 {was necessary.} 16. Ne2 Qc8) 16. a4 $18 {[%cal Ba2a4,Ba4b5][%mdl 32]} Qd6 17. axb5 Qxb4 18. Rfc1 c5 (18... cxb5 {keeps fighting.} 19. Nxd5 Nxd5) 19. Rab1 Qa3 20. Nxd5 Nxd5 21. Bxd5 Rad8 22. Be4 {Hoping for Qh3.} cxd4 23. Rc7 $2 (23. Qh3 $18 {[%csl Ge4][%cal Rh3h7]} g6 24. Rc7) 23... Rde8 $2 {[%mdl 8192] [#]} (23... Qa2 $16 24. Qh5 h6) 24. Qf5 $1 {[%csl Ge4][%cal Rf5h7] White is clearly winning.} Rxe4 25. Qxe4 dxe3 26. Qxe3 Qd6 27. Qc5 Qxc5 28. Rxc5 Bd4 29. Rc2 Kg8 30. Rd1 Bb6 31. Rd5 h6 32. Kg2 {Precision: White = 74%, Black = 28%.} 1-0

[Event "3rd GRENKE Chess Open 2018"]
[Site "Karlsruhe"]
[Date "2018.03.29"]
[Round "1"]
[White "Lampert, Jonas"]
[Black "Boelhouwer, Collin"]
[Result "1-0"]
[WhiteElo "2532"]
[BlackElo "2127"]
[Annotator "TA"]
[PlyCount "69"]
[EventDate "2018.??.??"]
[EventType "swiss"]
[EventCountry "GER"]
[SourceTitle "playchess.com"]
[Source "ChessBase"]
[SourceQuality "1"]

{[%evp 13,69,29,22,15,22,13,14,12,12,13,31,14,30,19,16,33,27,15,27,20,63,17,72,74,110,95,100,101,252,247,256,208,300,296,330,327,438,338,699,683,652,306,291,283,310,325,389,310,360,361,395,268,370,330,357,373,431,426]} 1. d4 Nf6 2. c4 e6 3. g3 Bb4+ 4. Bd2 c5 5. Bxb4 cxb4 6. Bg2 O-O 7. Nf3 d5 {LiveBook: 12 Games. E11: Bogo-Indian} (7... d6 8. O-O Nc6 9. a3 Re8 10. axb4 Nxb4 11. Nc3 Bd7 12. Qb3 a5 13. Ne1 Bc6 14. Nd3 Bxg2 15. Kxg2 Nxd3 16. exd3 b6 17. Nb5 Qd7 18. Qa3 Qc6+ 19. f3 Red8 20. Rfe1 h6 {½-½ (51) Vidit,S (2715)-Moiseenko,A (2667) Riadh 2017}) 8. a3 Nc6 $146 ({Predecessor:} 8... Qa5 9. O-O dxc4 10. Nbd2 b5 11. axb4 Qxb4 12. Ng5 Nd5 13. e4 Ne7 14. e5 Nd5 15. Be4 {½-½ (26) Rousek,J (1633)-Chaloupka,J (1730) Prague 2015}) 9. axb4 Nxb4 {The position is equal.} 10. O-O b6 11. cxd5 Nbxd5 12. Re1 Bb7 13. e4 Nb4 14. Nc3 a5 15. Qd2 Rc8 16. Rad1 Ba6 17. Bh3 Rc7 (17... Nd7 $11 {remains equal.}) 18. d5 $16 exd5 19. exd5 {[%cal Be4d5,Bd5d6][%mdl 32]} Qd6 20. Nd4 {And now Ndb5 would win.} Qc5 $2 {[#]} (20... Qd8 $16) 21. Nf5 $1 $18 Bd3 22. d6 $40 {[%mdl 128] Black is in trouble.} Ra7 (22... Bxf5 $142 23. Bxf5 Rc6) 23. Qf4 Bxf5 24. Bxf5 ({Weaker is} 24. Qxf5 Qxf5 25. Bxf5 Rd8 $16) 24... g6 25. d7 Raa8 $2 (25... Qxf5 26. Qxf5 gxf5) 26. Be4 Nh5 27. Qd6 (27. Bxa8 $142 Nxf4 28. gxf4 (28. d8=Q Nh3+ 29. Kg2 Nxf2 $16)) 27... Qxd6 28. Rxd6 Rad8 29. Na4 f5 30. Bb7 Nf6 31. Nxb6 Rf7 32. Bc8 Kf8 33. Re5 f4 34. gxf4 Ng4 {[#]} 35. Re8+ $1 {Precision: White = 66%, Black = 33%.} 1-0

[Event "3rd GRENKE Chess Open 2018"]
[Site "Karlsruhe"]
[Date "2018.03.29"]
[Round "1"]
[White "Schneider, Ilja"]
[Black "Thomas, Ingo"]
[Result "1-0"]
[WhiteElo "2513"]
[BlackElo "2127"]
[Annotator "TA"]
[PlyCount "61"]
[EventDate "2018.??.??"]
[EventType "swiss"]
[EventCountry "GER"]
[SourceTitle "playchess.com"]
[Source "ChessBase"]
[SourceQuality "1"]

{[%evp 20,61,31,37,53,48,65,45,86,37,83,86,83,80,122,114,141,103,87,73,95,93,100,97,154,146,135,124,121,116,121,121,235,217,334,333,322,304,291,252,348,332,300,293]} 1. d4 d5 2. c4 c6 3. Nf3 Nf6 4. e3 Bf5 5. Nc3 e6 6. Nh4 Bg6 7. Nxg6 hxg6 8. a3 {D12: Slav Defence: 3 Nf3 Nf6 4 e3 Bf5} (8. g3 Nbd7 9. Qe2 Bb4 10. Bd2 Bxc3 11. Bxc3 Ne4 12. cxd5 exd5 13. Bg2 f5 14. f3 Nxc3 15. bxc3 Qg5 {0-1 (37) Antipov,M (2598)-Artemiev,V (2697) Moscow 2018}) 8... Nbd7 9. g3 Be7 10. b3 O-O 11. Bg2 {LiveBook: 10 Games} a6 12. O-O b5 13. Qe2 $146 ({Predecessor:} 13. cxd5 cxd5 14. Qd3 Qb6 15. Bd2 Rac8 {½-½ (51) Beinoras,M (2404)-Vaznonis,V (2389) Lithuania 2014}) 13... Nb6 {[%cal Rb5c4]} 14. a4 b4 15. Nb1 {[%cal Bc3b1,Bb1d2,Bd2e4][%mdl 32]} c5 16. Bb2 Qd7 17. Rd1 Rfd8 18. Nd2 a5 19. e4 {[%cal Be3e4,Be4e5][%mdl 32]} Rac8 20. cxd5 exd5 21. e5 {And now dxc5 would win.} Ne8 {[#]} (21... c4 $142) 22. dxc5 $1 $16 Bxc5 23. Ne4 Be7 24. Bd4 Qe6 25. Nd2 $36 {[%mdl 2048] White is really pushing.} Rc2 (25... Nd7 $16) 26. Rac1 Rdc8 (26... Rxc1 {might work better.} 27. Rxc1 Nd7) 27. Rxc2 $18 {White has a decisive advantage.} Rxc2 28. Qb5 Nd7 29. Qxd5 Nc7 30. Qe4 Qf5 31. g4 {Precision: White = 68%, Black = 28%.} 1-0

[Event "3rd GRENKE Chess Open 2018"]
[Site "Karlsruhe"]
[Date "2018.03.29"]
[Round "1"]
[White "Valsecchi, Alessio"]
[Black "Reck, Moritz"]
[Result "1-0"]
[WhiteElo "2510"]
[BlackElo "2126"]
[Annotator "TA"]
[PlyCount "33"]
[EventDate "2018.??.??"]
[EventType "swiss"]
[EventCountry "GER"]
[SourceTitle "playchess.com"]
[Source "ChessBase"]
[SourceQuality "1"]

{[%evp 22,33,68,55,137,138,809,778,2024,2008,1831,1799,1608,1475]} 1. e4 g6 2. d4 Bg7 3. c4 d6 4. Nc3 Nc6 5. Be3 e5 6. d5 Nce7 7. g4 f5 8. gxf5 gxf5 9. Qh5+ Ng6 10. exf5 Qh4 11. Qf3 {A42: Modern Defence: Averbakh Variation} (11. Qxh4 Nxh4 12. Nb5 Kd8 13. Nxa7 Bd7 14. Nb5 Nxf5 15. Nc3 Nxe3 16. fxe3 Bh6 17. Nd1 c6 18. Ne2 cxd5 19. cxd5 Nf6 20. Nec3 {0-1 (42) Argandona Riveiro,I (2387)-Mamedyarov,S (2733) San Sebastian 2011}) 11... Nf4 12. Nh3 {LiveBook: 3 Games. Black must now prevent Rg1.} Nxh3 (12... Bxf5 $14 13. Rg1 (13. Bxf4 exf4 14. Nxf4 Ne7 $11) 13... Bf6) 13. Bxh3 $16 {White is clearly better.} Qxc4 $2 {[%mdl 8192]} (13... Bh6 $16) 14. Rg1 $18 {White is clearly winning.} e4 $146 ({Predecessor:} 14... Bf6 15. Qh5+ Ke7 16. Bg5 {1-0 (16) Munk,P-Sustr,J Czechia 1997}) 15. Qh5+ Kf8 {[#]} 16. Rxg7 $1 {[%mdl 512]} Kxg7 17. O-O-O 1-0

[Event "3rd GRENKE Chess Open 2018"]
[Site "Karlsruhe"]
[Date "2018.03.29"]
[Round "1"]
[White "Ider, Borya"]
[Black "Tscharotschkin, Michael"]
[Result "1-0"]
[WhiteElo "2505"]
[BlackElo "2124"]
[Annotator "TA"]
[PlyCount "57"]
[EventDate "2018.??.??"]
[EventType "swiss"]
[EventCountry "GER"]
[SourceTitle "playchess.com"]
[Source "ChessBase"]
[SourceQuality "1"]

{[%evp 18,57,43,43,47,44,42,43,81,100,107,63,47,-20,94,94,93,99,174,181,211,213,346,348,456,464,514,511,466,432,430,425,475,472,536,374,409,413,468,445,442,377]} 1. d4 d5 2. Nf3 c6 3. Bf4 Bf5 4. c3 e6 5. Qb3 Qb6 6. Nbd2 {D02: 1 d4 d5 2 Nf3 sidelines, including 2...Nf6 3 g3 and 2...Nf6 3 Bf4} Nd7 7. Nh4 Bg6 (7... Be4 8. f3 Bg6 9. e4 Be7 10. Nxg6 hxg6 11. Bd3 Ngf6 12. O-O-O Qxb3 13. axb3 {½-½ (50) Dolezal,C (2426)-Valerga,D (2452) Buenos Aires 2017}) 8. Nxg6 hxg6 9. e3 Ngf6 10. h3 {LiveBook: 3 Games} c5 $146 ({Predecessor:} 10... Be7 11. Be2 O-O 12. g4 c5 {1-0 (50) Wolf,U (2255)-Becker,M (2080) Germany 1996}) 11. Be2 c4 12. Qxb6 Nxb6 13. b3 Rc8 14. bxc4 dxc4 15. e4 (15. Rc1 $14) 15... Ba3 {[#]} (15... Na4 $1 $11) 16. Rb1 $1 $16 {[%cal Ba1b1,Bb1b5,Bb5a5][%mdl 32]} O-O 17. Kd1 {[%cal Be1d1,Bd1c2,Bc2c3,Bc3b2,Bb2b3][%mdl 32]} Rfd8 (17... Na4 $16 18. Kc2 b6) 18. Kc2 $18 Rd7 19. Rb5 Na4 (19... Be7 $142 20. Rhb1 Bd8) 20. Ra5 Nxc3 21. Kxc3 Bb2+ 22. Kxb2 c3+ 23. Kb3 cxd2 24. f3 Rxd4 25. Be3 Rd7 26. Rd1 b6 27. Ra4 Rcd8 28. Bb5 Rc7 29. Rxd2 {Precision: White = 65%, Black = 36%.} 1-0